[Event "Targu Mures op-A"]
[Site "Targu Mures"]
[Date "2022.06.05"]
[Round "3"]
[White "Samani, Yamac"]
[Black "Rusan, Paul Cristian"]
[Result "1-0"]
[WhiteElo "2336"]
[BlackElo "2114"]
[PlyCount "77"]
[EventDate "2022.06.04"]
[EventType "swiss"]
[EventRounds "9"]
[EventCountry "ROU"]
[SourceTitle "CBM 208 Extra"]
[Source "ChessBase"]
[SourceDate "2022.07.31"]
[SourceVersion "1"]
[SourceVersionDate "2022.07.31"]
[SourceQuality "1"]

1. d4 d6 2. e4 g6 3. Nc3 Bg7 4. Be3 a6 5. Nf3 b5 6. Bd3 Bb7 7. h4 h6 8. a4 b4 9. Ne2 Nd7 10. h5 g5 11. Ng3 e6 12. c3 bxc3 13. bxc3 Ne7 14. 0-0 c5 15. Rb1 Qc7 16. Nd2 0-0 17. f4 gxf4 18. Rxf4 Kh8 19. Rf1 Rab8 20. Nf3 c4 21. Bc2 Nf6 22. Nh2 d5 23. Bf4 Qd8 24. Bxb8 Qxb8 25. e5 Nd7 26. Ng4 Qc7 27. Qd2 Ng8 28. Rf3 f6 29. exf6 Ngxf6 30. Nxh6 Ne4 31. Rxf8+ Nxf8 32. Nxe4 dxe4 33. Ng4 Nd7 34. h6 Bf6 35. Nxf6 Nxf6 36. Qg5 Ne8 37. Rxb7 Qxb7 38. Qe5+ Kg8 39. Bxe4 1-0

[Event "Titled Tuesday intern op 18th Jan"]
[Site "Chess.com INT"]
[Date "2022.01.18"]
[Round "1"]
[White "Rusan, Paul Cristian"]
[Black "Omelja, Artem"]
[Result "0-1"]
[WhiteElo "2114"]
[BlackElo "2515"]
[PlyCount "82"]
[EventDate "2022.01.18"]
[EventType "swiss (blitz)"]
[EventRounds "11"]
[EventCountry "USA"]
[SourceTitle "CBM 206 Extra"]
[Source "ChessBase"]
[SourceDate "2022.03.31"]
[SourceVersion "1"]
[SourceVersionDate "2022.03.31"]
[SourceQuality "1"]

1. e4 c5 2. b4 d6 3. bxc5 dxc5 4. Nc3 Nc6 5. Nf3 g6 6. Bb5 Bg7 7. Bxc6+ bxc6 8. Rb1 Ba6 9. Bb2 Rb8 10. Ba1 Rxb1 11. Qxb1 Nf6 12. e5 Nd5 13. Ne4 0-0 14. Nxc5 Bc4 15. d3 Qa5+ 16. Kf1 Qxc5 17. dxc4 Qxc4+ 18. Kg1 Nf4 19. g3 Qe4 20. gxf4 Qxf3 21. Qb3 Qxf4 22. Qg3 Qe4 23. h4 Rd8 24. Kh2 Qxc2 25. e6 Bxa1 26. exf7+ Kxf7 27. Rxa1 Qe4 28. h5 Rd3 29. hxg6+ hxg6 30. Qg2 Qe5+ 31. f4 Qxf4+ 32. Kh1 Qh4+ 33. Kg1 Rg3 34. Rf1+ Kg7 35. Rf2 Rxg2+ 36. Rxg2 Qd4+ 37. Kh2 Qe5+ 38. Kh3 Qe4 39. Rf2 Qe3+ 40. Kg2 Qxf2+ 41. Kxf2 Kf6 0-1

[Event "Titled Tuesday intern op 11th Jan"]
[Site "Chess.com INT"]
[Date "2022.01.11"]
[Round "1"]
[White "Rusan, Paul Cristian"]
[Black "Pinheiro, Iung Alicio"]
[Result "0-1"]
[WhiteElo "2114"]
[BlackElo "2320"]
[PlyCount "108"]
[EventDate "2022.01.11"]
[EventType "swiss (blitz)"]
[EventRounds "11"]
[EventCountry "USA"]
[SourceTitle "CBM 206 Extra"]
[Source "ChessBase"]
[SourceDate "2022.03.31"]
[SourceVersion "1"]
[SourceVersionDate "2022.03.31"]
[SourceQuality "1"]

1. e4 c6 2. d4 d5 3. f3 g6 4. Nc3 Bg7 5. Be3 Qb6 6. a3 e5 7. Na4 Qa5+ 8. c3 exd4 9. b4 Qc7 10. cxd4 dxe4 11. fxe4 Nf6 12. e5 Nd5 13. Bd2 0-0 14. Nf3 f6 15. exf6 Bxf6 16. Be2 Qe7 17. 0-0 Ne3 18. Bxe3 Qxe3+ 19. Kh1 Nd7 20. Re1 Kg7 21. Bc4 Qf4 22. Nc5 Nb6 23. Be6 Be7 24. Bxc8 Bxc5 25. dxc5 Nxc8 26. Qd7+ Rf7 27. Qe8 Rf8 28. Qd7+ Qf7 29. Rad1 a5 30. b5 Qxd7 31. Rxd7+ Rf7 32. Rxf7+ Kxf7 33. bxc6 bxc6 34. Ne5+ Kf6 35. Nxc6 Ra6 36. Nd4 Ne7 37. Rb1 Ra8 38. Rc1 Nd5 39. c6 Nc7 40. a4 Rb8 41. Nb5 Rc8 42. Rd1 Ke6 43. Rd7 Nd5 44. Rxd5 Kxd5 45. c7 Kc5 46. Kg1 Kb4 47. Kf2 Kxa4 48. Nd6 Rxc7 49. Ke3 Rc6 50. Ne4 Kb3 51. Nd2+ Kb2 52. Nf3 a4 53. Nd4 Rc8 54. Kd3 a3 0-1

[Event "Titled Tuesday intern op 04th Jan"]
[Site "Chess.com INT"]
[Date "2022.01.04"]
[Round "7"]
[White "Adewumi, Tanitoluwa"]
[Black "Rusan, Paul Cristian"]
[Result "1-0"]
[WhiteElo "2136"]
[BlackElo "2114"]
[PlyCount "45"]
[EventDate "2022.01.04"]
[EventType "swiss (blitz)"]
[EventRounds "11"]
[EventCountry "USA"]
[SourceTitle "EXT 2023"]
[Source "ChessBase"]
[SourceDate "2022.10.05"]
[SourceVersion "1"]
[SourceVersionDate "2022.10.05"]
[SourceQuality "1"]

1. e4 c5 2. Nf3 Nc6 3. d4 cxd4 4. Nxd4 e5 5. Nf3 Nf6 6. Nc3 Bb4 7. Bd3 d5 8. Bg5 d4 9. a3 dxc3 10. axb4 cxb2 11. Rb1 Nxb4 12. 0-0 Nc6 13. Rxb2 0-0 14. Rb5 h6 15. Rd5 Qe7 16. Bh4 g5 17. Bg3 Nxd5 18. exd5 Nd4 19. Nxe5 Bf5 20. Bc4 Nxc2 21. Qh5 Qf6 22. d6 Be6 23. Bd3 1-0

[Event "Titled Tuesday intern op 04th Jan"]
[Site "Chess.com INT"]
[Date "2022.01.04"]
[Round "11"]
[White "Rusan, Paul Cristian"]
[Black "Bures, Vit"]
[Result "0-1"]
[WhiteElo "2114"]
[BlackElo "2121"]
[PlyCount "62"]
[EventDate "2022.01.04"]
[EventType "swiss (blitz)"]
[EventRounds "11"]
[EventCountry "USA"]
[SourceTitle "EXT 2023"]
[Source "ChessBase"]
[SourceDate "2022.10.05"]
[SourceVersion "1"]
[SourceVersionDate "2022.10.05"]
[SourceQuality "1"]

1. e4 e5 2. Nf3 Nc6 3. Bc4 Bc5 4. b4 Bxb4 5. c3 Be7 6. d4 Na5 7. Be2 d6 8. Qa4+ c6 9. dxe5 dxe5 10. Nxe5 Nf6 11. 0-0 Qc7 12. Nf3 0-0 13. h3 h6 14. Be3 b5 15. Qc2 Be6 16. Nbd2 a6 17. Nd4 Bd7 18. f4 c5 19. N4f3 c4 20. a4 Rfe8 21. axb5 axb5 22. Nd4 Bc5 23. Bf3 Bc6 24. Kh1 Rad8 25. Nxc6 Bxe3 26. Nxd8 Rxd8 27. Qa2 Rxd2 28. Qxa5 Qxf4 29. Qxb5 Nxe4 30. Bxe4 Qxe4 31. Rae1 Qxg2# 0-1

[Event "Titled Tuesday intern op 21st Dec"]
[Site "Chess.com INT"]
[Date "2021.12.21"]
[Round "3"]
[White "Bouget, Alexandre"]
[Black "Rusan, Paul Cristian"]
[Result "1-0"]
[WhiteElo "2250"]
[BlackElo "2112"]
[PlyCount "55"]
[EventDate "2021.12.21"]
[EventType "swiss (blitz)"]
[EventRounds "11"]
[EventCountry "USA"]
[SourceTitle "CBM 205 Extra"]
[Source "ChessBase"]
[SourceDate "2022.01.31"]
[SourceVersion "1"]
[SourceVersionDate "2022.01.31"]
[SourceQuality "1"]

1. Nc3 c5 2. g3 Nc6 3. Bg2 Nf6 4. e4 d6 5. d3 g6 6. Nge2 Bg7 7. 0-0 0-0 8. h3 Ne8 9. Be3 Nc7 10. Qd2 Ne6 11. Bh6 Ned4 12. Bxg7 Kxg7 13. f4 f5 14. Nd1 e5 15. c3 Nxe2+ 16. Qxe2 fxe4 17. dxe4 exf4 18. gxf4 Qe7 19. Ne3 Be6 20. f5 gxf5 21. exf5 Bg8 22. Bxc6 bxc6 23. f6+ Rxf6 24. Nf5+ Rxf5 25. Qxe7+ Rf7 26. Rxf7+ Bxf7 27. Rf1 Rf8 28. Qxd6 1-0

[Event "Titled Tuesday intern op 14th Dec"]
[Site "Chess.com INT"]
[Date "2021.12.14"]
[Round "8"]
[White "Rusan, Paul Cristian"]
[Black "Kohler, Aran"]
[Result "0-1"]
[WhiteElo "2112"]
[BlackElo "2121"]
[PlyCount "82"]
[EventDate "2021.12.14"]
[EventType "swiss (blitz)"]
[EventRounds "11"]
[EventCountry "USA"]
[SourceTitle "EXT 2023"]
[Source "ChessBase"]
[SourceDate "2022.10.05"]
[SourceVersion "1"]
[SourceVersionDate "2022.10.05"]
[SourceQuality "1"]

1. e4 e5 2. f4 Bc5 3. Nf3 Nf6 4. fxe5 Nxe4 5. d4 Bb6 6. Bd3 d5 7. exd6 Nxd6 8. Qe2+ Qe7 9. Qxe7+ Kxe7 10. 0-0 h6 11. c4 c5 12. Be3 cxd4 13. Bxd4 Bxd4+ 14. Nxd4 Rd8 15. Nc3 Nc6 16. Nxc6+ bxc6 17. Rad1 Be6 18. b3 g6 19. Rfe1 Kf8 20. Na4 Bf5 21. Nc5 Bxd3 22. Rxd3 Nf5 23. Red1 Rxd3 24. Rxd3 Re8 25. g4 Nh4 26. Kf2 g5 27. Rd6 Kg7 28. Rxc6 Ng6 29. Nd3 Rd8 30. Nb4 Rd2+ 31. Ke3 Rxh2 32. Ra6 Ne5 33. Rxa7 Nxg4+ 34. Kf3 h5 35. c5 Rf2+ 36. Kg3 Rf4 37. c6 h4+ 38. Kg2 Ne3+ 39. Kg1 g4 40. c7 g3 41. Nd3 Rf1# 0-1

[Event "Titled Tuesday intern op 23rd Nov"]
[Site "Chess.com INT"]
[Date "2021.11.23"]
[Round "9"]
[White "Rusan, Paul Cristian"]
[Black "Halkias, Stelios"]
[Result "0-1"]
[WhiteElo "2103"]
[BlackElo "2530"]
[PlyCount "54"]
[EventDate "2021.11.23"]
[EventType "swiss (blitz)"]
[EventRounds "11"]
[EventCountry "USA"]
[SourceTitle "CBM 205 Extra"]
[Source "ChessBase"]
[SourceDate "2022.01.31"]
[SourceVersion "1"]
[SourceVersionDate "2022.01.31"]
[SourceQuality "1"]

1. e4 e5 2. Nf3 Nc6 3. Bc4 Bc5 4. b4 Bxb4 5. c3 Ba5 6. d4 d6 7. Qb3 Qd7 8. dxe5 Bb6 9. Nbd2 Na5 10. Qc2 Nxc4 11. Nxc4 Ne7 12. 0-0 0-0 13. Rd1 Qc6 14. exd6 cxd6 15. Nxd6 Bg4 16. Ne5 Bxd1 17. Nxc6 Bxc2 18. Nxe7+ Kh8 19. Bf4 Bc7 20. Bg3 Bxd6 21. Bxd6 Bxe4 22. Re1 Rfd8 23. Rxe4 Rxd6 24. h4 g6 25. h5 Kg7 26. c4 Re6 27. Rxe6 fxe6 0-1

[Event "Titled Tuesday intern op 23rd Nov"]
[Site "Chess.com INT"]
[Date "2021.11.23"]
[Round "3"]
[White "Rusan, Paul Cristian"]
[Black "Pham, Le Thao Nguyen"]
[Result "0-1"]
[WhiteElo "2103"]
[BlackElo "2369"]
[PlyCount "120"]
[EventDate "2021.11.23"]
[EventType "swiss (blitz)"]
[EventRounds "11"]
[EventCountry "USA"]
[SourceTitle "CBM 205 Extra"]
[Source "ChessBase"]
[SourceDate "2022.01.31"]
[SourceVersion "1"]
[SourceVersionDate "2022.01.31"]
[SourceQuality "1"]

1. e4 c5 2. b4 cxb4 3. Bb2 d5 4. exd5 Nf6 5. Bb5+ Bd7 6. Bc4 Bg4 7. Nf3 Nxd5 8. h3 Bh5 9. 0-0 e6 10. a3 bxa3 11. Nxa3 Nc6 12. Re1 Nf6 13. d4 Be7 14. d5 Nxd5 15. Bxg7 Rg8 16. Be5 Nxe5 17. Rxe5 Nf4 18. Bb5+ Kf8 19. Qxd8+ Rxd8 20. Ne1 Bf6 21. Rxh5 Bxa1 22. Rc5 Rd1 23. Kf1 Nxg2 24. Rc8+ Kg7 25. Rxg8+ Kxg8 26. Kxg2 Rxe1 27. Bd3 a6 28. Nc4 b5 29. Nd2 Bc3 30. Nb3 Rb1 31. Kf3 f5 32. h4 Kf7 33. Kg2 Kf6 34. f4 e5 35. fxe5+ Kxe5 36. Kf3 h6 37. Be2 Rh1 38. Nc5 Rh3+ 39. Kg2 Rxh4 40. Nxa6 b4 41. Nc5 Rd4 42. Kf3 Rd2 43. Bd3 h5 44. Nd7+ Ke6 45. Nc5+ Kf6 46. Nb3 Rh2 47. Kg3 Rh1 48. Kg2 Re1 49. Kf2 h4 50. Nc5 Kg5 51. Ne6+ Rxe6 52. Kg2 Bd4 53. Kf3 Re3+ 54. Kf2 h3 55. Kf1 h2 56. Kg2 Rh3 57. Kh1 Be5 58. Bf1 Re3 59. Kg2 Re1 60. Bd3 h1Q+ 0-1

[Event "Titled Tuesday intern op 23rd Nov"]
[Site "Chess.com INT"]
[Date "2021.11.23"]
[Round "10"]
[White "Tasev, Dejan"]
[Black "Rusan, Paul Cristian"]
[Result "1-0"]
[WhiteElo "2272"]
[BlackElo "2103"]
[PlyCount "189"]
[EventDate "2021.11.23"]
[EventType "swiss (blitz)"]
[EventRounds "11"]
[EventCountry "USA"]
[SourceTitle "CBM 205 Extra"]
[Source "ChessBase"]
[SourceDate "2022.01.31"]
[SourceVersion "1"]
[SourceVersionDate "2022.01.31"]
[SourceQuality "1"]

1. e4 c5 2. Nf3 Nc6 3. Nc3 e5 4. Bc4 d6 5. d3 Be7 6. Nd2 Bg5 7. Nf1 Bxc1 8. Rxc1 Nf6 9. Ne3 0-0 10. 0-0 Be6 11. Bb3 Nd4 12. f4 exf4 13. Rxf4 Nxb3 14. axb3 d5 15. exd5 Nxd5 16. Nexd5 Bxd5 17. Qh5 Bc6 18. Rcf1 Qe7 19. Rh4 h6 20. Rg4 Kh7 21. Rgf4 g6 22. Qd1 Rad8 23. Qd2 Kg7 24. Qf2 b6 25. Ne4 f5 26. Nd2 Rfe8 27. g4 Qe3 28. gxf5 g5 29. f6+ Kf7 30. Qxe3 Rxe3 31. R4f2 Rde8 32. Nc4 R3e6 33. Rf5 b5 34. Nd2 Re2 35. R5f2 R8e6 36. Rxe2 Rxe2 37. Rf2 Rxf2 38. Kxf2 Kxf6 39. Ke3 Ke5 40. c3 g4 41. b4 cxb4 42. cxb4 h5 43. Nb3 Bd5 44. Nd4 a6 45. Ne2 h4 46. Nf4 Bf7 47. d4+ Kf5 48. Ne2 Bc4 49. Ng1 h3 50. b3 Bxb3 51. Ne2 Bd5 52. Ng3+ Kg5 53. Ne2 a5 54. bxa5 b4 55. a6 b3 56. Kf2 Bc4 57. a7 Bd5 58. Nc3 Bb7 59. Kg3 b2 60. d5 Kf5 61. d6 Ke6 62. Kxg4 Kxd6 63. Kxh3 Kc5 64. Na4+ Kc6 65. Nxb2 Kb6 66. Kg4 Kxa7 67. h4 Be4 68. Kg5 Kb6 69. Nc4+ Kc5 70. Nd2 Bd3 71. Kf6 Kd4 72. Kg7 Ke3 73. Nb3 Kf4 74. h5 Kg4 75. h6 Kh5 76. Nc5 Bc2 77. Ne6 Kh4 78. Nf4 Kg5 79. Nd5 Kh5 80. Ne3 Bd3 81. Nd5 Kg5 82. Ne7 Be4 83. Ng8 Bd3 84. Nf6 Bc2 85. Nd5 Kh5 86. Nf4+ Kg5 87. Ne6+ Kh5 88. Nd4 Bd3 89. Nb3 Kg5 90. Nc5 Bc2 91. Ne6+ Kh5 92. Nd4 Bd3 93. Nf3 Kg4 94. Ne5+ Kh5 95. Nxd3 1-0

[Event "Titled Tuesday intern op 16th Nov"]
[Site "Chess.com INT"]
[Date "2021.11.16"]
[Round "3"]
[White "Al Hosani, Omran"]
[Black "Rusan, Paul Cristian"]
[Result "1-0"]
[WhiteElo "2202"]
[BlackElo "2103"]
[PlyCount "131"]
[EventDate "2021.11.16"]
[EventType "swiss (blitz)"]
[EventRounds "11"]
[EventCountry "USA"]
[SourceTitle "CBM 205 Extra"]
[Source "ChessBase"]
[SourceDate "2022.01.31"]
[SourceVersion "1"]
[SourceVersionDate "2022.01.31"]
[SourceQuality "1"]

1. d4 Nf6 2. c4 g6 3. Nc3 Bg7 4. e4 d6 5. Nf3 0-0 6. Be2 Bg4 7. 0-0 Nfd7 8. Be3 Nc6 9. Ne1 Bxe2 10. Nxe2 e5 11. d5 Ne7 12. Nd3 f5 13. f3 f4 14. Bf2 g5 15. c5 Nf6 16. Nc3 h5 17. Rc1 a6 18. cxd6 cxd6 19. Na4 Nd7 20. Qb3 b5 21. Nc3 g4 22. a4 bxa4 23. Qxa4 Ng6 24. Kh1 g3 25. Bg1 gxh2 26. Bxh2 h4 27. Nf2 Nc5 28. Qa3 a5 29. Na4 Nxa4 30. Qxa4 Qb6 31. Qd7 Ra7 32. Qe6+ Kh7 33. Rc6 Qxb2 34. Nh3 Rf6 35. Ng5+ Kh6 36. Qg4 a4 37. Ne6 a3 38. Qg5+ Kh7 39. Qh5+ Bh6 40. Ng5+ Kg7 41. Ne6+ Rxe6 42. dxe6 a2 43. Bg1 a1Q 44. Rxa1 Qxa1 45. Rxd6 Re7 46. Qf5 Qe1 47. Rd7 Rxd7 48. exd7 Qd1 49. Qe6 Bg5 50. Kh2 Bf6 51. Bb6 Nf8 52. Qxf6+ Kxf6 53. d8Q+ Qxd8 54. Bxd8+ Ke6 55. Bxh4 Nd7 56. Be1 Nc5 57. Bc3 Nd3 58. Kh3 Nf2+ 59. Kh4 Kf6 60. Kh5 Nh1 61. Kh4 Ng3 62. Be1 Ne2 63. g4 fxg3 64. Bxg3 Ke6 65. Kg4 Nd4 66. Bf2 1-0

[Event "Titled Tuesday intern op 16th Nov"]
[Site "Chess.com INT"]
[Date "2021.11.16"]
[Round "7"]
[White "Petrova, Irina"]
[Black "Rusan, Paul Cristian"]
[Result "1/2-1/2"]
[WhiteElo "2141"]
[BlackElo "2103"]
[PlyCount "73"]
[EventDate "2021.11.16"]
[EventType "swiss (blitz)"]
[EventRounds "11"]
[EventCountry "USA"]
[SourceTitle "CBM 205 Extra"]
[Source "ChessBase"]
[SourceDate "2022.01.31"]
[SourceVersion "1"]
[SourceVersionDate "2022.01.31"]
[SourceQuality "1"]

1. e4 c5 2. Nf3 Nc6 3. Bb5 Na5 4. 0-0 a6 5. Be2 d6 6. b3 Nf6 7. d3 e5 8. Bb2 Be7 9. Nbd2 0-0 10. c3 Nc6 11. d4 cxd4 12. cxd4 exd4 13. Nxd4 d5 14. Nxc6 bxc6 15. exd5 cxd5 16. Nf3 Ne4 17. Rc1 Be6 18. Nd4 Bf6 19. Nc6 Qd6 20. Bxf6 Nxf6 21. Bf3 Rfc8 22. Nd4 Ne4 23. Rxc8+ Rxc8 24. Nxe6 Qxe6 25. Re1 f5 26. Qd4 Rc2 27. Bxe4 fxe4 28. f3 h6 29. fxe4 dxe4 30. h3 Rxa2 31. Rxe4 Qxb3 32. Re8+ Kf7 33. Qd7+ Kg6 34. Qg4+ Kf7 35. Qd7+ Kg6 36. Qg4+ Kf7 37. Qd7+ 1/2-1/2

[Event "Titled Tuesday intern op 16th Nov"]
[Site "Chess.com INT"]
[Date "2021.11.16"]
[Round "10"]
[White "Redzisz, Michal"]
[Black "Rusan, Paul Cristian"]
[Result "0-1"]
[WhiteElo "2257"]
[BlackElo "2103"]
[PlyCount "125"]
[EventDate "2021.11.16"]
[EventType "swiss (blitz)"]
[EventRounds "11"]
[EventCountry "USA"]
[SourceTitle "CBM 205 Extra"]
[Source "ChessBase"]
[SourceDate "2022.01.31"]
[SourceVersion "1"]
[SourceVersionDate "2022.01.31"]
[SourceQuality "1"]

1. f4 d5 2. Nf3 Bg4 3. b3 Nd7 4. Bb2 Ngf6 5. e3 e6 6. Be2 Bd6 7. 0-0 Bxf3 8. Bxf3 e5 9. fxe5 Nxe5 10. Nc3 c6 11. Ne2 Qc7 12. h3 h5 13. Nd4 0-0-0 14. Nf5 Nxf3+ 15. Qxf3 Bh2+ 16. Kh1 Ne4 17. Rad1 f6 18. d3 Ng3+ 19. Nxg3 Bxg3 20. Bc3 h4 21. Be1 Bxe1 22. Rdxe1 Rde8 23. e4 dxe4 24. Rxe4 Rxe4 25. Qxe4 Qd7 26. Re1 Kd8 27. Qf4 Kc8 28. Re4 f5 29. Re5 g6 30. Qe3 Kb8 31. Re7 Qd6 32. Re6 Qg3 33. Qxg3+ hxg3 34. Rxg6 f4 35. Re6 Kc8 36. Kg1 Kd7 37. Re4 Rf8 38. Kf1 f3 39. gxf3 Rxf3+ 40. Kg2 Rf2+ 41. Kxg3 Rxc2 42. Rd4+ Ke6 43. Rb4 b5 44. a4 a5 45. Re4+ Kd5 46. Kf3 Rc3 47. Ke3 Rxb3 48. axb5 cxb5 49. h4 a4 50. Re8 a3 51. Ra8 b4 52. h5 Rb2 53. h6 Rh2 54. Ra4 Kc5 55. d4+ Kb5 56. Ra8 Rxh6 57. Kd3 Ra6 58. Rb8+ Kc6 59. Rc8+ Kd7 60. Rc1 b3 61. Kc3 b2 62. Rb1 a2 63. Ra1 0-1

[Event "Titled Tuesday intern op 16th Nov"]
[Site "Chess.com INT"]
[Date "2021.11.16"]
[Round "4"]
[White "Rusan, Paul Cristian"]
[Black "Sochacki, Wojtek"]
[Result "1-0"]
[WhiteElo "2103"]
[BlackElo "2324"]
[PlyCount "43"]
[EventDate "2021.11.16"]
[EventType "swiss (blitz)"]
[EventRounds "11"]
[EventCountry "USA"]
[SourceTitle "CBM 205 Extra"]
[Source "ChessBase"]
[SourceDate "2022.01.31"]
[SourceVersion "1"]
[SourceVersionDate "2022.01.31"]
[SourceQuality "1"]

1. e4 c5 2. b4 b6 3. bxc5 bxc5 4. Nc3 Nc6 5. Rb1 g6 6. Nf3 Bg7 7. Bb5 Nd4 8. Bc4 Nf6 9. e5 d5 10. exf6 Bxf6 11. Bxd5 Nxf3+ 12. Qxf3 Bxc3 13. Qxf7+ Kd7 14. Qe6+ Ke8 15. Qc6+ Kf8 16. dxc3 Kg7 17. Qxa8 e6 18. Qxa7+ Kf6 19. Be4 Rf8 20. Qxc5 Ba6 21. Bg5+ Kg7 22. Bxd8 1-0

[Event "Titled Tuesday intern op 16th Nov"]
[Site "Chess.com INT"]
[Date "2021.11.16"]
[Round "8"]
[White "Rusan, Paul Cristian"]
[Black "Yeritsyan, Hayk"]
[Result "1-0"]
[WhiteElo "2103"]
[BlackElo "2291"]
[PlyCount "105"]
[EventDate "2021.11.16"]
[EventType "swiss (blitz)"]
[EventRounds "11"]
[EventCountry "USA"]
[SourceTitle "CBM 205 Extra"]
[Source "ChessBase"]
[SourceDate "2022.01.31"]
[SourceVersion "1"]
[SourceVersionDate "2022.01.31"]
[SourceQuality "1"]

1. e4 c5 2. b4 e6 3. bxc5 Bxc5 4. d4 Be7 5. Nf3 d5 6. e5 Bf8 7. Bd3 Ne7 8. 0-0 Nf5 9. c3 Be7 10. a4 0-0 11. g4 Nh4 12. Nxh4 Bxh4 13. f4 Be7 14. Qc2 g6 15. f5 Bg5 16. f6 Bxc1 17. Qxc1 Kh8 18. Qh6 Rg8 19. Rf3 Qf8 20. Rh3 Qxh6 21. Rxh6 Nd7 22. Nd2 Rd8 23. Nf3 Nf8 24. Ng5 Kg8 25. Rf1 Rd7 26. Rf3 Rc7 27. Bb5 a6 28. Be8 b5 29. Rfh3 Bb7 30. Nxh7 Rxc3 31. Nxf8 Rxh3 32. Rxh3 Rxe8 33. Nd7 bxa4 34. Nc5 Bc6 35. Ra3 Bb5 36. Nxa4 Bxa4 37. Rxa4 Ra8 38. Ra5 g5 39. h4 gxh4 40. Kh2 Kh7 41. Kh3 Kg6 42. Kxh4 Rh8+ 43. Kg3 Rb8 44. Rxa6 Rb4 45. Ra8 Rxd4 46. Rg8+ Kh6 47. g5+ Kh5 48. g6 fxg6 49. f7 Rd3+ 50. Kf2 Rd4 51. f8Q g5 52. Rh8+ Kg4 53. Qf3# 1-0

[Event "Titled Tuesday intern op 09th Nov"]
[Site "Chess.com INT"]
[Date "2021.11.09"]
[Round "9"]
[White "Rusan, Paul Cristian"]
[Black "Bures, Vit"]
[Result "0-1"]
[WhiteElo "2103"]
[BlackElo "2111"]
[PlyCount "64"]
[EventDate "2021.11.09"]
[EventType "swiss (blitz)"]
[EventRounds "11"]
[EventCountry "USA"]
[SourceTitle "CBM 205 Extra"]
[Source "ChessBase"]
[SourceDate "2022.01.31"]
[SourceVersion "1"]
[SourceVersionDate "2022.01.31"]
[SourceQuality "1"]

1. e4 e5 2. Nf3 Nc6 3. Bc4 Bc5 4. b4 Bxb4 5. c3 Be7 6. d4 Na5 7. Be2 d6 8. Qa4+ c6 9. dxe5 dxe5 10. Nxe5 Nf6 11. 0-0 Qc7 12. Nf3 0-0 13. e5 Nd5 14. c4 Nb4 15. Nc3 Bf5 16. Bf4 Bc2 17. Qa3 Nd3 18. Bxd3 Bxa3 19. Bxc2 Bb2 20. Ne4 Bxa1 21. Rxa1 Nxc4 22. Bg3 Qa5 23. Bb3 b5 24. h4 h6 25. h5 Rad8 26. Nd6 Nxd6 27. exd6 c5 28. Bd5 c4 29. a4 c3 30. Nd4 b4 31. Nc6 Qb6 32. a5 Qb5 0-1

[Event "Titled Tuesday intern op 09th Nov"]
[Site "Chess.com INT"]
[Date "2021.11.09"]
[Round "4"]
[White "Rusan, Paul Cristian"]
[Black "Novikova, Galina"]
[Result "0-1"]
[WhiteElo "2103"]
[BlackElo "2073"]
[PlyCount "128"]
[EventDate "2021.11.09"]
[EventType "swiss (blitz)"]
[EventRounds "11"]
[EventCountry "USA"]
[SourceTitle "CBM 205 Extra"]
[Source "ChessBase"]
[SourceDate "2022.01.31"]
[SourceVersion "1"]
[SourceVersionDate "2022.01.31"]
[SourceQuality "1"]

1. e4 e6 2. Nf3 d5 3. e5 Bd7 4. d4 c5 5. c3 Nc6 6. Be2 f6 7. exf6 Nxf6 8. 0-0 Bd6 9. a3 0-0 10. b4 c4 11. Bg5 Qc7 12. Nbd2 Ne4 13. Nxe4 dxe4 14. Nd2 Bxh2+ 15. Kh1 Bf4 16. Bxf4 Qxf4 17. Nxc4 Rf6 18. g3 Qg5 19. b5 Qxb5 20. Ne5 Qd5 21. c4 Qd6 22. c5 Qc7 23. Nc4 e5 24. d5 Nd4 25. c6 Rh6+ 26. Kg1 bxc6 27. d6 Qd8 28. Nxe5 c5 29. Bc4+ Be6 30. Bxe6+ Rxe6 31. f4 exf3 32. Nxf3 Rxd6 33. Nxd4 Rxd4 34. Qf3 h6 35. Rae1 Rd2 36. Qf7+ Kh8 37. Re7 Qd4+ 38. Kh1 Qd5+ 39. Qxd5 Rxd5 40. Rff7 Rg5 41. Kg2 a5 42. Ra7 Rxa7 43. Rxa7 c4 44. Kf3 Rc5 45. Ke2 c3 46. Kd1 Kh7 47. Kc2 Kg6 48. a4 Kf6 49. Rb7 g5 50. Rb6+ Kg7 51. g4 Rc4 52. Rb7+ Kg6 53. Rb6+ Kg7 54. Rb7+ Kf6 55. Rb6+ Ke5 56. Rxh6 Kf4 57. Ra6 Rxa4 58. Kxc3 Ra1 59. Kd2 Ra2+ 60. Ke1 Kxg4 61. Kf1 a4 62. Kg1 a3 63. Ra5 Kh4 64. Rb5 g4 0-1